[Event "Samara-ch"]
[Site "Samara"]
[Date "2010.04.26"]
[Round "6"]
[White "Belonogov, Alexander"]
[Black "Krylov, Leonid"]
[Result "1-0"]
[WhiteElo "2103"]
[BlackElo "1887"]
[PlyCount "67"]
[EventDate "2010.04.21"]
[EventType "swiss"]
[EventRounds "9"]
[EventCountry "RUS"]
[SourceTitle "EXT 2012"]
[Source "ChessBase"]
[SourceDate "2011.11.24"]
[SourceVersion "1"]
[SourceVersionDate "2011.11.24"]
[SourceQuality "1"]

1. d4 Nf6 2. c4 g6 3. Nc3 Bg7 4. e4 d6 5. Be2 Nbd7 6. Nf3 0-0 7. 0-0 e5 8. Re1 c6 9. h3 Qb6 10. Be3 Qc7 11. Bf1 exd4 12. Nxd4 Nc5 13. Bf4 Nh5 14. Bh2 Be5 15. g3 Ne6 16. Nxe6 Bxe6 17. Qd2 Qb6 18. Kg2 f5 19. f4 Bg7 20. exf5 Bf7 21. g4 Nf6 22. Bg1 c5 23. g5 Qc6+ 24. Kh2 Nh5 25. f6 Bh8 26. Bg2 Qa6 27. Nd5 Rfe8 28. b3 Bxd5 29. Bxd5+ Kf8 30. a4 Qb6 31. Be6 Rad8 32. Rab1 d5 33. Bxd5 Qd6 34. Be3 1-0

[Event "Samara-ch"]
[Site "Samara"]
[Date "2009.04.26"]
[Round "7"]
[White "Krylov, Leonid"]
[Black "Kamensky, Vladimir"]
[Result "1-0"]
[WhiteElo "1893"]
[BlackElo "1727"]
[PlyCount "79"]
[EventDate "2009.04.07"]
[EventType "swiss"]
[EventRounds "9"]
[EventCountry "RUS"]
[SourceTitle "EXT 2012"]
[Source "ChessBase"]
[SourceDate "2011.11.24"]
[SourceVersion "1"]
[SourceVersionDate "2011.11.24"]
[SourceQuality "1"]

1. d4 d5 2. c4 e6 3. Nc3 Nf6 4. Bg5 Be7 5. Nf3 Nbd7 6. e3 c6 7. Bd3 dxc4 8. Bxc4 Nd5 9. Bxe7 Qxe7 10. 0-0 0-0 11. Re1 Nxc3 12. bxc3 e5 13. h3 e4 14. Nh2 Nf6 15. Be2 Be6 16. Ng4 Nxg4 17. Bxg4 Qd7 18. Bxe6 Qxe6 19. Qb3 Qxb3 20. axb3 Rfd8 21. Ra2 a6 22. c4 Rd7 23. b4 Rad8 24. Rc1 Kf8 25. b5 axb5 26. cxb5 Rc8 27. Rc5 Rd5 28. Rac2 Rxc5 29. Rxc5 f6 30. Kh2 Ke7 31. Kg3 b6 32. Rc2 Kd6 33. Kf4 Kd5 34. Rxc6 g5+ 35. Kf5 Rxc6 36. bxc6 Kxc6 37. Kxe4 b5 38. Kd3 f5 39. g4 f4 40. e4 1-0

[Event "Samara op"]
[Site "Samara"]
[Date "2008.12.09"]
[Round "5"]
[White "Kuznetsov, Mikhail2222"]
[Black "Krylov, Leonid"]
[Result "1-0"]
[WhiteElo "2007"]
[BlackElo "1879"]
[PlyCount "109"]
[EventDate "2008.12.05"]
[EventType "swiss"]
[EventRounds "9"]
[EventCountry "RUS"]
[SourceTitle "CBM 127 Extra"]
[Source "ChessBase"]
[SourceDate "2009.01.08"]
[SourceVersion "2"]
[SourceVersionDate "2009.01.28"]
[SourceQuality "1"]

1. e4 e5 2. Nf3 Nc6 3. Bb5 a6 4. Ba4 Nf6 5. 0-0 Be7 6. Re1 b5 7. Bb3 d6 8. c3 0-0 9. h3 Na5 10. Bc2 c5 11. d4 cxd4 12. cxd4 Qc7 13. Nbd2 Bd7 14. Nf1 Rac8 15. Bd3 Nc6 16. Be3 Nb4 17. Rc1 Qb8 18. Bb1 Rxc1 19. Qxc1 Rc8 20. Qd2 Nc6 21. g4 Nd8 22. dxe5 Ne8 23. Bf4 Be6 24. exd6 Bxd6 25. e5 Bf8 26. Ng3 Qc7 27. Ng5 g6 28. N3e4 Qe7 29. Nf3 Rc4 30. b3 Rc8 31. Bh6 Qb4 32. Qf4 Bd5 33. Bxf8 Qxf8 34. Qd2 Bxe4 35. Bxe4 Ne6 36. h4 Rd8 37. Qe3 Qc5 38. Kg2 Qxe3 39. Rxe3 b4 40. Kg3 a5 41. Bd3 N8c7 42. Bc4 Rd1 43. Rd3 Ra1 44. Rd2 h6 45. Nd4 Nc5 46. f3 Rg1+ 47. Kh2 Ra1 48. Nc6 a4 49. Nxb4 axb3 50. axb3 Rb1 51. Rd8+ Kg7 52. Rc8 N7e6 53. Nd5 Nxb3 54. Nf6 Nf8 55. Rc7 1-0

[Event "Samara op"]
[Site "Samara"]
[Date "2008.12.07"]
[Round "3"]
[White "Krylov, Leonid"]
[Black "Rumyantsev, Nikolay"]
[Result "1-0"]
[WhiteElo "1879"]
[BlackElo "1922"]
[PlyCount "67"]
[EventDate "2008.12.05"]
[EventType "swiss"]
[EventRounds "9"]
[EventCountry "RUS"]
[SourceTitle "CBM 127 Extra"]
[Source "ChessBase"]
[SourceDate "2009.01.08"]
[SourceVersion "2"]
[SourceVersionDate "2009.01.28"]
[SourceQuality "1"]

1. d4 Nf6 2. c4 e5 3. dxe5 Ng4 4. Nf3 Nc6 5. Nc3 Bc5 6. e3 Ngxe5 7. Be2 0-0 8. 0-0 a6 9. a3 Qf6 10. Nd5 Nxf3+ 11. Bxf3 Qe5 12. Bd2 Bd6 13. g3 Qg5 14. e4 Qd8 15. Bg2 Ne5 16. Qc2 c6 17. Ne3 Bc7 18. Rad1 a5 19. f4 Ng6 20. Bc3 f6 21. c5 b6 22. b4 Ne7 23. Rf2 axb4 24. axb4 Rf7 25. Nc4 bxc5 26. bxc5 Ng6 27. Rfd2 Re7 28. Nd6 Ba6 29. Qb3+ Kf8 30. Nf5 Rf7 31. Nd6 Re7 32. e5 fxe5 33. fxe5 Bxd6 34. Rf2+ 1-0

[Event "Samara Region-ch FL"]
[Site "Samara"]
[Date "2007.12.22"]
[Round "8"]
[White "Sakletin, Vasily"]
[Black "Krylov, Leonid"]
[Result "1/2-1/2"]
[WhiteElo "2112"]
[BlackElo "1891"]
[PlyCount "117"]
[EventDate "2007.12.15"]
[EventType "swiss"]
[EventRounds "9"]
[EventCountry "RUS"]
[SourceTitle "EXT 2022"]
[Source "ChessBase"]
[SourceDate "2021.10.06"]
[SourceVersion "1"]
[SourceVersionDate "2021.10.06"]
[SourceQuality "1"]

1. d4 Nf6 2. c4 g6 3. Nf3 c5 4. Nc3 cxd4 5. Nxd4 Bg7 6. e4 d6 7. Be2 Nc6 8. Be3 Bd7 9. 0-0 0-0 10. f4 Ng4 11. Bxg4 Bxg4 12. Qxg4 Nxd4 13. Rad1 f5 14. Qh3 e5 15. fxe5 dxe5 16. exf5 gxf5 17. Bxd4 exd4 18. Rxf5 Rxf5 19. Qxf5 Qh4 20. g3 Qh6 21. Nd5 Rf8 22. Qg4 Kh8 23. b3 b6 24. Kg2 Re8 25. Nf4 Qc6+ 26. Qf3 Qxf3+ 27. Kxf3 Re3+ 28. Kf2 Rc3 29. Rd2 Bh6 30. Rxd4 Bxf4 31. gxf4 Rc2+ 32. Kg3 Rxa2 33. h4 Ra3 34. Kg4 Rxb3 35. Rd8+ Kg7 36. Rd7+ Kf6 37. Rxa7 h6 38. Rc7 Rb1 39. Rc6+ Kg7 40. h5 b5 41. c5 b4 42. Kf5 Rc1 43. Rc7+ Kf8 44. Kg6 b3 45. Rb7 Rxc5 46. f5 Rc3 47. Rb8+ Ke7 48. f6+ Ke6 49. Re8+ Kd7 50. f7 b2 51. Rb8 Rg3+ 52. Kxh6 b1Q 53. Rxb1 Ke7 54. Rf1 Kf8 55. Rf6 Rg7 56. Re6 Rxf7 57. Kg6 Rf1 58. h6 Rg1+ 59. Kh7 1/2-1/2

[Event "Samara-ch Rating"]
[Site "Samara"]
[Date "2007.02.06"]
[Round "2"]
[White "Krylov, Leonid"]
[Black "Sakletin, Vasily"]
[Result "1/2-1/2"]
[WhiteElo "1915"]
[BlackElo "2127"]
[PlyCount "106"]
[EventDate "2007.02.02"]
[EventType "tourn"]
[EventRounds "11"]
[EventCountry "RUS"]
[SourceTitle "EXT 2022"]
[Source "ChessBase"]
[SourceDate "2021.10.06"]
[SourceVersion "1"]
[SourceVersionDate "2021.10.06"]
[SourceQuality "1"]

1. c4 e5 2. d3 Nc6 3. Nf3 g6 4. g3 Bg7 5. Bg2 d6 6. 0-0 Nf6 7. Nc3 0-0 8. a3 a5 9. Qc2 h6 10. b3 Be6 11. e4 Qd7 12. Be3 Ng4 13. Nd5 Nxe3 14. fxe3 Bxd5 15. cxd5 Ne7 16. Rac1 c5 17. dxc6 bxc6 18. d4 Qe6 19. dxe5 dxe5 20. Rfd1 Rfd8 21. Nd2 h5 22. Qc4 Qg4 23. Kf2 h4 24. Qe2 Qe6 25. Qc4 Qf6+ 26. Kg1 Qg5 27. Kf2 Bh6 28. Qe2 hxg3+ 29. hxg3 Rd6 30. Nf3 Rf6 31. Rd7 Re8 32. Rcd1 Nc8 33. Bh3 Bf8 34. Kg2 Qh6 35. Rd8 Rxd8 36. Rxd8 Nd6 37. Nxe5 Qg5 38. Rxf8+ Kxf8 39. Nd7+ Kg8 40. e5 Rf5 41. Bxf5 Nxf5 42. Nf6+ Kg7 43. Ne4 Qxe3 44. Qxe3 Nxe3+ 45. Kf3 Nc2 46. Nc5 Nxa3 47. Nb7 Nb5 48. Nxa5 c5 49. Ke4 Nc7 50. Nb7 c4 51. bxc4 f5+ 52. Kd4 Kf7 53. Nc5 Ke7 1/2-1/2